Normal view
MARC view
- داغي، علي محي الدين القره
Entry Personal Name
001 - CONTROL NUMBER
- control field: 61734
003 - CONTROL NUMBER IDENTIFIER
- control field: JO-AjAnu
005 - DATE AND TIME OF LATEST TRANSACTION
- control field: 20230606084103.0
008 - FIXED-LENGTH DATA ELEMENTS
- fixed length control field: 230606|| aca||aabn | a|a d
040 ## - CATALOGING SOURCE
- Original cataloging agency: JO-AjAnu
- Transcribing agency: JO-AjAnu
100 ## - HEADING--PERSONAL NAME
- Personal name: داغي، علي محي الدين القره
670 ## - SOURCE DATA FOUND
- Source citation: Work cat.: (JO-AjAnu)31488: داغي، علي محي الدين القره, author, التأمين التكافلي الاسلامي: دراسة فقهية تاصيلية مقارنة بالتامين التجاري مع التطبيقات العملية، ج1